Centro de desarrollo turístico de Pochomil
El presente documento, procurando dar una respuesta social, al problema recreacional turístico, crítico que actualmente atraviesa Nicaragua a nivel Nacional.
| Main Author: | |
|---|---|
| Other Authors: | |
| Format: | Tesis Section = Libro |
| Language: | Undetermined Spanish |
| Published: |
Managua
Universidad Nacional Autónoma de Nicaragua (UNAN)
1981
|
| Subjects: |
| LEADER | 00832nam a2200205Ia 4500 | ||
|---|---|---|---|
| 008 | 240830s9999 xx 000 0 und d | ||
| 040 | |a BIBLIOTECA-RUSB/ Mon 790.068 C395 | ||
| 041 | |a spa | ||
| 082 | |a Mon 790.068 C395 | ||
| 100 | 1 | |a Sang Chang, Denis Acan | |
| 245 | 1 | 0 | |a Centro de desarrollo turístico de Pochomil |
| 260 | |a Managua |b Universidad Nacional Autónoma de Nicaragua (UNAN) |c 1981 | ||
| 300 | |a 250 p. :il. | ||
| 502 | |a Tesis (Arquitecto) - Universidad Nacional Autónoma de Nicaragua (UNAN), 1981. | ||
| 520 | 3 | |a El presente documento, procurando dar una respuesta social, al problema recreacional turístico, crítico que actualmente atraviesa Nicaragua a nivel Nacional. | |
| 650 | 7 | |a CENTROS DE ESPARCIMIENTO I | |
| 700 | 1 | |a Tutor: |b Fonseca Zambrana, Mario Noel | |
| 942 | |c BK |2 ddc | ||
| 991 | |a TESIS | ||
| 999 | |c 21544 | ||